Tools for education policy analysis
Na minha lista:
| Formato: | Livro |
|---|---|
| Idioma: | Undetermined |
| Publicado em: |
Washington, DC
The World Bank
2003
|
| Assuntos: | |
| Tags: |
Adicionar Tag
Sem tags, seja o primeiro a adicionar uma tag!
|
| Thư viện lưu trữ: | Trung tâm Học liệu Trường Đại học Cần Thơ |
|---|
| LEADER | 00549nam a2200169Ia 4500 | ||
|---|---|---|---|
| 001 | CTU_117368 | ||
| 008 | 210402s9999 xx 000 0 und d | ||
| 082 | |a 379.1 | ||
| 082 | |b T671 | ||
| 245 | 0 | |a Tools for education policy analysis | |
| 260 | |a Washington, DC | ||
| 260 | |b The World Bank | ||
| 260 | |c 2003 | ||
| 650 | |a Educational evaluation,Educational evaluation,Education | ||
| 650 | |x Methodology,Developing countries,Developing countries,Cost effectiveness. | ||
| 904 | |i M.Loan | ||
| 980 | |a Trung tâm Học liệu Trường Đại học Cần Thơ | ||